000 00252nam a2200097Ia 4500
001 1138153
005 20250827005239.0
008 250824s9999 xx 000 0 und d
245 0 _aNUREDİN MAHMUD ZENGİ
_cABDULKADİR TURAN
260 _bKETEBE YAYINLARI
999 _c1138153
_d1138153